|
|
|
|
| LEADER |
01812cas a2200253 a 4500 |
| 001 |
AALejournalIMF001139 |
| 008 |
230101c9999 xx r poo 0 0eng d |
| 020 |
|
|
|c 5.00 USD
|
| 020 |
|
|
|z 9781451844252
|
| 022 |
|
|
|a 1018-5941
|
| 040 |
|
|
|a BD-DhAAL
|c BD-DhAAL
|
| 100 |
1 |
|
|a Lee, Jong-Wha.
|
| 245 |
1 |
0 |
|a Financial Crisis and Credit Crunch in Korea :
|b Evidence From Firm-Level Data /
|c Jong-Wha Lee, Eduardo Borensztein.
|
| 264 |
|
1 |
|a Washington, D.C. :
|b International Monetary Fund,
|c 2000.
|
| 300 |
|
|
|a 1 online resource (28 pages)
|
| 490 |
1 |
|
|a IMF Working Papers
|
| 500 |
|
|
|a <strong>Off-Campus Access:</strong> No User ID or Password Required
|
| 500 |
|
|
|a <strong>On-Campus Access:</strong> No User ID or Password Required
|
| 506 |
|
|
|a Electronic access restricted to authorized BRAC University faculty, staff and students
|
| 520 |
3 |
|
|a This paper analyzes the credit crunch following the recent financial crisis in Korea. Using enterprise-level data, we find that there were big differences in the magnitude of the credit contraction across different types of firms. In particular, chaebol (conglomerate)-affiliated firms appeared to have lost the preferential access to credit they enjoyed in the pre-crisis period, and credit appears to have been reallocated in favor of more efficient firms. This suggests that the credit crunch suffered by certain sectors can be attributed to the adjustment by banks and enterprises to the restructuring of the financial sector, rather than to tight monetary policy or an external credit constraint.
|
| 538 |
|
|
|a Mode of access: Internet
|
| 700 |
1 |
|
|a Borensztein, Eduardo.
|
| 830 |
|
0 |
|a IMF Working Papers; Working Paper ;
|v No. 2000/025
|
| 856 |
4 |
0 |
|z Full text available on IMF
|u http://elibrary.imf.org/view/journals/001/2000/025/001.2000.issue-025-en.xml
|z IMF e-Library
|